| 000 | 00541nam a2200193 4500 | ||
|---|---|---|---|
| 003 | OSt | ||
| 005 | 20240723030922.0 | ||
| 006 | a | ||
| 008 | 240723b |||||||| |||| 00| 0 eng d | ||
| 020 | _a9789712352805 | ||
| 040 |
_aDWCL-Main lib. _cOC |
||
| 082 | _aFil. 332.1 D622b 2009 | ||
| 100 | _aDizon, Efren L. | ||
| 245 | _aBanking laws and jurisprudence / | ||
| 260 |
_aManila: _bRex Book Store, Inc., _cc2009. |
||
| 300 |
_axxx, _b616 p. ; _c23 cm. |
||
| 650 | _a1. Banks and banking-Law-Philippines. | ||
| 942 |
_2ddc _n0 _cBK - FIL _kFil. |
||
| 999 |
_c2584 _d2584 |
||